=LDR 00000nam 2200000 4500 =001 INLIS000000000032286 =005 20130612134311 =008 ***********************************ind** =035 ##$$0010-061300000032286 =041 ##$$a ind =082 ##$$a 495.1 =090 ##$$a 495.1, Bev p =100 ##$$a Beverly, Wong =245 ##$$a Percakapan Bahasa Mandarin untuk Pemula, Beverly Wong, Zhu Bingyao =260 ##$$a 2007 $b Yogyakarta =300 ##$$a 208 hlm., 20 cm =650 ##$$a Bahasa Mandarin - Percakapan =700 ##$$a Zhu Bingyao =850 ##$$a NBPNMAT =990 ##$$a 2090100780/BPAP-NTB/2015 =990 ##$$a 0001/BPAP-NTB/2016 =990 ##$$a 0001/BPAP-NTB/2016